Bolivia: Flags of the Departments - Statistics

General Stats
  • This quiz has been taken 97 times
  • The average score is 7 of 9
Answer Stats
Picture Answer % Correct
La Paz
86%
Santa Cruz
83%
Potosí
81%
Beni
79%
Cochabamba
79%
Chuquisaca
74%
Oruro
69%
Tarija
64%
Pando
62%
No matching quizzes found
Score Distribution
Percent of People with Each Score
Percentile by Number Answered
Your Score History
You have not taken this quiz